000 00399nam a2200169Ia 4500
003 LK-CoDNM
008 010623t xxu||||| |||| 00| 1 sin d
040 _aLK-CoDNM
_dLK-CoDNM
_eLK-CoDNM
041 _asin
080 _ax 92
245 _aමිහින්තලේ
246 _aMihinthale
260 _bPuravidya departhamenthuwa
300 _b35, 19 cm
650 _aMihinthale
942 _cBK
999 _c140422
_d140422